000 00885nam a2200301 i 4500
003 EG-GICUC
005 20260225112701.0
008 260225s1994 uk ||||fr|||| 00| 0 eng d
040 _aEG-GiCUC
_beng
_cEG-GiCUC
_dEG-GiCUC
_erda
082 0 4 _221
_a341
_bSH . S
092 0 4 _221
099 _aLaw1 11 341 SH . S 1994
100 1 _aShearer, I A
_eAuthor.
245 1 0 _aStarke's International Law /
_b
_cI A Shearer.
250 _aEleventh Edition
264 1 _aLondon :
_bButterworths,
_c1994.
300 _a629pages :
_billustrations,
_c24 cm
336 _2rda content
_atext
337 _2rda media
_aComputer
338 _2rda carrier
_aOnline Resource
504 _a
546 _aText in English
650 1 4 _aPublic international law
_2
651 1 _2
856 4 0 _uhttps://fll.law.cu.edu.eg/fulltext/bks/B11-08006.pdf
905 _a50
942 _2ddc
_cBK
_e21
_n0
999 _c64191
_d64191